00735cam a22002411a 4500001001300000003000400013005001700017008004100034010001700075035002000092040005200112042001200164050002000176082001000196100003300206245008400239250001300323260003200336300002900368490005300397650002600450999001700476med46000109 DLC20260227111556.0840206s1945 fr a 000 0 fre c amed46000109  a(OCoLC)10377410 aU.S. Army Medical LibrarycVtUdVtUdOCoLCdDLC apremarc00aQP435b.P5 1945 a612.81 aPiéron, Henri,d1881-1964.10aAux sources de la connaissance :bLa sensation; guide de vie /cHenri Piéron. a2. éd. aParis :bGallimard,cc1945. a420 p. :bill. ;c23 cm.0 aL'Avenir de la science. Nouvelle sér. ;vno. 3 0aSenses and sensation. c37853d37853